| 000 | 00938nam a2200229 a 4500 | ||
|---|---|---|---|
| 001 | 54540 | ||
| 003 | BD-RjUL | ||
| 005 | 20211209080133.0 | ||
| 008 | 161107s1961 bg ||||| |||| 00| 0 ben d | ||
| 035 | _a(BD-RjUL)54662 | ||
| 040 |
_aBD-RjUL _bben _cBD-RjUL _dBD-RjUL |
||
| 041 | _aben | ||
| 082 |
_223 _a613.94 _bHAS 1961 |
||
| 100 |
_aহাসানাৎ, আবুল _9127277 |
||
| 245 | 1 | 0 |
_aসচিত্র জন্ম নিয়ন্ত্রণ : _b(মত ও পথ) / _cআবুল হাসানাৎ, |
| 250 | _aসং. ও পরিমার্জিত ৭ম সং. | ||
| 260 |
_aঢাকা : _bফ্যামিলি ওয়েলফেয়ার সার্ভিসেস, _c১৯৬১. |
||
| 300 |
_a১৪৭, (১৩) পৃ. : _bচিত্র ; _c১৮ সেমি. |
||
| 650 |
_aজন্ম নিয়ন্ত্রণ _9162697 |
||
| 650 |
_aBirth Control _9162698 |
||
| 942 |
_2ddc _cBK |
||
| 999 |
_c54540 _d54540 |
||